| 000 | 00375nam a2200145 i 4500 | ||
|---|---|---|---|
| 001 | bg | ||
| 100 | 1 | _aKOMOROWSKI, W. | |
| 245 | 0 |
_aLaboratorium sieci i systemów elektroenergetycznych. _nCz.1 / _cW. Komorowski, A. Paluch. |
|
| 260 |
_aOpole, _c1982. |
||
| 700 | 1 | _aPALUCH, A. | |
| 040 | _cBPK | ||
| 041 | _apol | ||
| 942 | _cKS | ||
| 008 | s pl f |000 0 pol | ||
| 999 |
_c21250 _d21250 |
||
| 856 |
_uhttp://koha.tu.koszalin.pl/cgi-bin/koha/opac-detail.pl?biblionumber=21250 _yKatalog online BPK |
||